[Event "Kouty nad Desnou op-N"]
[Site "Kouty nad Desnou"]
[Date "2013.03.09"]
[Round "1"]
[White "Svoboda, Miloslav"]
[Black "Doskar, Miloslav"]
[Result "1/2-1/2"]
[WhiteElo "1367"]
[BlackElo "1749"]
[PlyCount "96"]
[EventDate "2013.03.09"]
[EventType "swiss"]
[EventRounds "9"]
[EventCountry "CZE"]
[SourceTitle "EXT 2015"]
[Source "ChessBase"]
[SourceDate "2014.11.20"]
[SourceVersion "1"]
[SourceVersionDate "2014.11.20"]
[SourceQuality "1"]

1. e4 e5 2. Nf3 Nc6 3. Bb5 a6 4. Ba4 Nf6 5. 0-0 d6 6. Re1 Be7 7. c3 0-0 8. d4 b5 9. Bc2 Bg4 10. d5 Na5 11. Nbd2 Nb7 12. a4 Qd7 13. axb5 axb5 14. Rxa8 Rxa8 15. b4 c5 16. Nf1 Qc7 17. Ne3 Nd8 18. Bd2 Bf8 19. Bd3 c4 20. Nxg4 Nxg4 21. Be2 Nf6 22. Qc2 g6 23. h3 Bg7 24. Nh2 Qa7 25. Ng4 Qa2 26. Nxf6+ Bxf6 27. Rc1 Bg7 28. Bg4 Qa7 29. Be3 Qe7 30. Qd1 h5 31. Bf3 f6 32. Ra1 Qb7 33. Qc1 Nf7 34. Ra3 Kh7 35. Qa1 Rxa3 36. Qxa3 Bh6 37. Bxh6 Nxh6 38. Qa5 Nf7 39. g4 Ng5 40. Bg2 hxg4 41. hxg4 Nf7 42. Kh2 g5 43. Kg3 Kg7 44. Bf3 Qb8 45. Qa6 Nd8 46. Be2 Kg6 47. Qa5 Nf7 48. Qa6 Nd8 1/2-1/2